[Event "SV Roehrnbach 1-TV Tegernsee 1"]
[Site "?"]
[Date "2024.12.01"]
[Round "4.2"]
[White "Fuchs, Florian"]
[Black "Thiel, Fabian"]
[Result "1/2-1/2"]
[WhiteElo "2126"]
[BlackElo "2154"]
[Annotator "Stockfish 17"]
[PlyCount "98"]
[EventDate "2024.??.??"]
[WhiteTeam "SV Röhrnbach 1"]
[BlackTeam "TV Tegernsee 1"]

{[%evp 9,98,42,42,38,103,45,43,39,56,42,48,36,42,40,42,-33,-30,-26,6,-19,35,36,
48,44,26,-32,5,-5,33,31,49,16,45,46,86,90,82,87,97,42,50,0,0,-1,0,-9,0,0,1,9,8,
15,22,20,14,13,16,16,16,12,11,13,20,0,0,-394,-381,-387,-370,-387,-364,-353,
-367,-323,-328,-363,-298,-204,0,0,0,-3,-1,-3,0,0,0,0,0,0,0]} 1. e4 c6 2. d4 d5
3. e5 Bf5 4. g4 Bd7 (4... Be4 5. f3 Bg6 6. h4 (6. e6 $142 Qd6 7. exf7+ Bxf7 8.
Nc3) 6... h5 7. e6 Qd6 8. exf7+ Bxf7 9. Bd3 $6 Qg3+ (9... hxg4 $17) 10. Kf1
hxg4 11. Bg5 $6 Nf6 12. Nc3 gxf3 13. Qxf3 Qxf3+ 14. Nxf3 {Chandler,P-Rapp,R
Wiesbaden op 1988}) 5. Nc3 e6 6. Be3 $14 a5 $6 7. f4 h5 8. gxh5 Qh4+ 9. Kd2 Ne7
10. Qf3 Qxh5 11. Qxh5 Rxh5 12. Nge2 (12. Be2 $14 Rh8 13. Bf2) 12... Nf5 $15 13.
Bf2 Na6 14. Na4 c5 15. Nb6 Rb8 16. Nxd7 Kxd7 17. c3 (17. Ng3 $14) 17... g6 18.
Ng3 Rh8 19. Nxf5 exf5 20. Bb5+ Ke6 21. h4 $14 cxd4 22. cxd4 Nc7 23. Be2 Bh6 24.
Bg3 (24. Be3 $16) 24... Ke7 25. Rac1 Ne6 26. Ke3 f6 $11 27. Rcf1 fxe5 28. dxe5
Rbc8 29. Bd3 Rc6 30. Kf3 Rb6 31. h5 g5 (31... Rxb2 $2 {wäre ganz schlecht
wegen} 32. hxg6 Nd4+ 33. Ke3 Nc2+ 34. Bxc2 Rxc2 35. Rb1 $18) 32. Bxf5 Nd4+ {
[%mdl 64] Doppelangriff} 33. Kg4 Nxf5 34. Kxf5 Rf8+ 35. Kg4 gxf4 {zielt auf ...
Tg8+ ab.} 36. Bh4+ (36. Bxf4 $2 Rb4 $19) 36... Ke6 {[#]} 37. Bf6 $2 {[%mdl
8192] ein grober Fehler, der zum Verlust der Partie führen sollte} (37. Kf3
$11 {und Weiss steht sicher.}) 37... Rg8+ $19 38. Kh4 Rxb2 39. Rfg1 Rxg1 (39...
Rh2+ 40. Rxh2 Rxg1 41. Rb2 d4 {- 5.59 war auch sehr gut}) 40. Rxg1 {[%mdl 4096]
Endspiel KTL-KTL} Kf5 {[%cal Rb2h2]} 41. Kh3 {beabsichtigt Tg6.} f3 (41... Rxa2
42. Rg6 $19) 42. Kg3 Ke4 {Weiss muss nun ...Lf4+ beachten.} (42... f2 43. Rf1
Rxa2 44. Kf3 d4 $19 45. Rd1 a4 {ließ keine Chancen}) 43. Re1+ {Fuchs Fl gibt
die für ihn völlig aussichtslos stehende Partie nicht auf und sein gegner
patzt noch entscheidend [#]} Re2 $2 {ein unerwarteter Fehler, der die
Gewinnchancen vergibt} (43... Be3 $1 $19 44. Bh4 Rg2+ (44... Rb6 {gewinnt
leicht}) 45. Kh3 Kf4 {gewinnt auch}) 44. Rxe2+ $11 {Die Stellung ist
ausgeglichen.} fxe2 {KL-KL} 45. Kf2 Kd3 {( -> ...Ld2)} 46. Bh4 (46. e6 $4 Be3+
47. Kg2 e1=Q {läuft in ein Matt} 48. e7 Qf2+ 49. Kh3 Qf3+ 50. Kh4 Qxf6+ {
[%mdl 64] Doppelangriff} 51. Kg4 Qf4+ 52. Kh3 Bf2 53. Kg2 Qg3+ 54. Kh1 Qh3#)
46... Bg7 (46... d4 $5 47. e6 $8 Bf8 $11) (46... Kd2 47. Kf3 Bg7 48. e6 Bf6 49.
Bf2 d4 50. h6 d3 51. h7 Kd1 52. e7 d2 53. e8=Q e1=Q 54. Qa4+ Kc1 55. Qc4+ Kb1
56. Qd3+ Kc1 57. Qc4+ $11 {ist remis}) 47. e6 $1 {[%cal Re6e7] Droht e7 und
aus.} Kd2 48. Kf3 {Droht stark e7.} ({Nicht} 48. Bg5+ $2 Kd1 $19) 48... Bf6 49.
Bf2 {Und weiter mit h6 wäre nett.} Bd4 (49... Bd4 50. Bg3 Be5 51. Bf2 $11)
1/2-1/2

[Event "SV Roehrnbach 1-TV Tegernsee 1"]
[Site "?"]
[Date "2024.12.01"]
[Round "4.3"]
[White "Poelt, Christoph"]
[Black "Knechtel, Roland"]
[Result "1-0"]
[WhiteElo "2127"]
[BlackElo "2146"]
[Annotator "Stockfish 17"]
[PlyCount "85"]
[EventDate "2024.??.??"]
[WhiteTeam "TV Tegernsee 1"]
[BlackTeam "SV Röhrnbach 1"]

{[%evp 11,85,62,57,54,74,-16,-17,-31,-26,-36,-27,-37,-28,-29,-27,-57,-57,-52,
-41,-52,-41,-43,-45,-47,-40,-37,4,-15,-15,-11,-13,-13,-14,-14,14,-18,107,2,2,
-7,-7,-62,14,18,20,24,26,0,9,14,24,29,101,98,102,106,29993,76,90,102,412,412,
410,387,503,496,490,411,412,395,525,522,514,513,549,608]} 1. d4 g6 2. c4 Bg7 3.
Nc3 d6 4. Nf3 e5 5. dxe5 dxe5 6. Qxd8+ Kxd8 {ein starker Spieler kann sich gut
darauf einlassen, zumal die Strategie für Schwarz relativ einfach ist.} 7. g3
c6 8. Bg5+ f6 $11 9. Be3 Be6 10. O-O-O+ Nd7 11. b3 Bh6 (11... Kc7 {sieht
schärfer aus.} 12. h3 Nh6 13. Ne1 Nf5 14. Bd2 a5) 12. Bxh6 Nxh6 13. Ne4 Ke7
14. Bg2 Nf7 15. h4 h6 16. Ne1 f5 17. Nc3 {[%cal Be4c3,Bc3a4,Ba4c5][%mdl 32]} a5
18. Nd3 a4 19. Nxa4 {[#]} Bxc4 $1 20. Ndc5 Nxc5 21. Nxc5 Be6 (21... Bxe2 22.
Rd7+ Kf6 23. Rxb7 Rxa2 $11 {und das Spiel ist schon etwas verflacht}) 22. Kb2
Rab8 23. e4 Nd6 $6 (23... f4 $11) 24. f4 (24. Rhe1 $16) 24... Nxe4 25. Nxe4
fxe4 26. fxe5 Bd5 $11 (26... e3 $15 27. Rhe1 Rhf8 $11) 27. Rhe1 Rhf8 {zielt
auf ...Tf2+ ab.} 28. Bxe4 Rf2+ 29. Kb1 Bxe4+ 30. Rxe4 {[%mdl 4096] Endspiel
KTT-KTT} Rg2 31. e6 Rf8 (31... Rd8 $11 32. Rxd8 Rg1+ 33. Kc2 Kxd8 34. Rg4 g5
35. hxg5 hxg5 36. Rxg5 Ke7 37. Kc3 Kxe6 38. Kd4 Rd1+ 39. Kc3 b6 40. Rg8 Rf1 41.
g4 Kd5 42. Rg5+ Kd6 43. Rg8 Rf2 44. Rg6+ Kd5 $11) 32. Rd7+ $16 Ke8 {( -> ...
Tf1+)} 33. Rf4 Rxg3 $2 {[%mdl 8192]} (33... Rg1+ $16 34. Kc2 b5) 34. Rxf8+ $2 (
34. Ra4 $1 {setzt Matt} Rg1+ 35. Kb2 Rf2+ 36. Ka3 Rxa2+ 37. Kxa2 Rg2+ 38. Ka3
Ra2+ 39. Kxa2 h5 40. Ra8#) 34... Kxf8 35. Rxb7 {KT-KT} Re3 $2 {[%mdl 8192]
diesen Fehler verzeiht die Stellung nicht mehr [#]} (35... Rg1+ $16 {ist
zäher.} 36. Kb2 Rg2+ 37. Ka3 g5 {und der Vorteil ist so minimal, daß Remis
immer noch in der Luft liegt}) 36. a4 $1 $18 {[%cal Ba2a4,Ba4a5][%mdl 32]} Rxe6
{[#]} 37. a5 $1 Re1+ 38. Kb2 Re2+ 39. Kc3 Ra2 40. Kb4 Kg8 {Wenn Schwarz jetzt
Zeit für ...g5 hätte...} 41. Rc7 {Weiß steht klar auf Gewinn.} g5 42. Rxc6
Kh7 43. h5 1-0

[Event "SV Roehrnbach 1-TV Tegernsee 1"]
[Site "?"]
[Date "2024.12.01"]
[Round "4.4"]
[White "Lipok, Erik"]
[Black "Walter, Thomas"]
[Result "1-0"]
[WhiteElo "2065"]
[BlackElo "2093"]
[Annotator "Stockfish 17"]
[PlyCount "89"]
[EventDate "2024.??.??"]
[WhiteTeam "SV Röhrnbach 1"]
[BlackTeam "TV Tegernsee 1"]

{[%evp 10,88,28,22,28,30,54,34,35,35,31,17,4,-4,47,-32,24,-23,-24,-22,-26,-34,
-13,-50,-8,-2,-1,-7,-5,-10,69,62,161,113,173,172,172,155,160,166,166,106,126,
84,126,119,152,85,128,81,278,90,85,88,318,49,189,159,188,0,0,0,335,336,288,288,
453,349,623,600,702,687,29995,29996,29996,29997,29997,29998,29998,29999,29999]
} 1. c4 e5 2. Nc3 Nc6 3. g3 g6 4. Bg2 Bg7 5. d3 Nge7 6. Rb1 O-O 7. b4 f5 8. Bd2
Nd4 9. e3 Ne6 10. f4 exf4 11. exf4 c6 12. Nge2 (12. Nf3 $14) 12... a5 13. a3
axb4 14. axb4 d5 15. cxd5 cxd5 16. Qb3 {[%cal Rc3d5]} Nd4 17. Nxd4 Bxd4 18. Ne2
Bb6 19. Bc3 Qd6 (19... Be6 $11) 20. Be5 $14 Qc6 $6 {mehr als nur 1 leichter
Fehler} (20... Qe6 $14) 21. Kd2 (21. b5 Qc5 22. d4 $16 {+ 1.50}) 21... Bd7 22.
Rhc1 Qe6 {die Q geht reumütig} 23. Nc3 Qf7 24. d4 (24. Bxd5 Nxd5 25. Qxd5 (25.
Nxd5 Be6 $16) 25... Be6 $11) (24. Nxd5 $6 Be6 $16) 24... Rfd8 25. Kd3 g5 26.
Bf3 g4 27. Bh1 (27. Bxd5 $2 Nxd5 28. Qxd5 Qxd5 $19 29. Nxd5 Bb5+ $19) 27... h6
28. Ra1 ({Vergiftet wäre} 28. Bxd5 $2 Nxd5 29. Qxd5 Qxd5 $19) ({Lieber} 28. b5
) 28... Kh7 29. b5 ({Ein No Go ist} 29. Bxd5 $6 Nxd5 30. Qxd5 Qxd5 $11) 29...
Qh5 $2 (29... Ra5 $16) 30. Ra2 $2 (30. Rxa8 $18 {bietet bessere Gewinnchancen.}
Rxa8 31. Bxd5 (31. Nxd5 Qxh2 32. Nxb6 Ra3 $11)) 30... Rxa2 $16 31. Qxa2 Rc8 $2
(31... Be6 $16) 32. Rb1 $2 (32. Bxd5 $18 Be8 33. Bxb7) 32... Qe8 $2 (32... Be6
$14) 33. Nxd5 $18 Bxb5+ {[#]} 34. Kd2 $2 (34. Ke3 $1 $18 {Sf6+ ist eine echte
Drohung.} Nxd5+ 35. Bxd5 Rc3+ 36. Kf2) 34... Nxd5 $11 35. Bxd5 {zielt auf
Txb5! ab.} Ra8 $2 {[%mdl 8192]} (35... Bxd4 $1 $11 36. Rxb5 Bxe5 37. Bg8+ Qxg8
38. Qxg8+ Kxg8 39. Rxe5 Ra8) 36. Qb3 $18 Ba5+ 37. Ke3 Ba6 (37... Bd7 $142 38.
Qxb7 Rc8) 38. Qc2 Qg6 (38... Kg6 39. Qc5 Qd8) 39. Bxb7 Rf8 40. Qc5 Bxb7 41.
Qxf8 {[%csl Ge5][%cal Rf8h8] Weiß setzt Matt.} Bd2+ 42. Kxd2 {[%csl Ge5][%cal
Rf8h8]} Qg8 43. Rxb7+ Kg6 44. Qxg8+ Kh5 45. Qe8# 1-0

[Event "SV Roehrnbach 1-TV Tegernsee 1"]
[Site "?"]
[Date "2024.12.01"]
[Round "4.5"]
[White "Lettl, Gerhard"]
[Black "Neuwerth, Chulian"]
[Result "1-0"]
[WhiteElo "1941"]
[BlackElo "1995"]
[Annotator "Stockfish 17"]
[PlyCount "87"]
[EventDate "2024.??.??"]
[WhiteTeam "TV Tegernsee 1"]
[BlackTeam "SV Röhrnbach 1"]

{[%evp 12,87,20,19,10,-45,-47,-49,-57,-68,4,-34,-22,-24,16,14,13,6,9,22,30,15,
95,92,120,136,155,155,151,159,191,113,128,112,189,127,105,64,70,62,79,39,40,39,
44,41,38,32,34,38,49,34,39,40,87,87,97,57,70,53,94,-1,12,10,84,89,68,83,231,-7,
280,280,296,272,541,542,557,564]} 1. e4 c5 2. c3 Nf6 3. e5 Nd5 4. Nf3 Nc6 5.
Bc4 Nb6 6. Bb3 c4 7. Bc2 d5 8. h3 $6 (8. exd6 $5 Qxd6 9. b3 $11) 8... g6 9. O-O
Bg7 10. Qe2 O-O 11. b3 Qc7 {[%cal Rc6e5]} 12. Re1 Be6 13. d4 cxd3 $1 14. Bxd3
Nd7 {[%cal Rd7e5]} 15. Bf4 Nc5 16. Bc2 a5 $6 (16... Bf5 $11) 17. Na3 $16 {
[%cal Bb1a3,Ba3b5,Bb5d4][%mdl 32]} Qc8 18. Qe3 b6 19. Rad1 Rd8 20. Nb5 Rb8 21.
Nfd4 (21. a3 $18) 21... Nxd4 22. Nxd4 Rb7 (22... Bd7 $16 {ist wohl besser.})
23. Rc1 (23. b4 $18) 23... Bd7 24. Bh2 Ne6 25. Bd3 b5 26. Nxe6 Bxe6 27. Bf4 Qd7
28. Red1 a4 29. Qd4 axb3 30. axb3 Qc7 31. Be2 Rc8 32. Bf3 Qa5 33. Bxd5 Rd7 34.
c4 bxc4 35. bxc4 {trotz des Mehrbauern ist der Vorteil sehr gering} Rcd8 36.
Qa1 (36. Ra1 $142 $16 Qc7 37. Qe3) 36... Qxa1 $11 37. Rxa1 Bf5 38. Bf3 $16 {
Txd7 ist eine echte Drohung.} Rxd1+ 39. Rxd1 Rc8 $4 {[#]} (39... Rxd1+ $16 {
ist eine bessere Verteidigung.} 40. Bxd1 f6) 40. c5 $2 (40. Bb7 $1 $18 {
[%cal Rb7c8]} Rb8 {[#]} 41. e6 $1 Rf8 42. c5 $18) 40... h6 $2 {[%mdl 8192]} (
40... Rxc5 $11 {und Schwarz ist OK.} 41. Rd8+ Bf8) 41. c6 $18 {[%cal Bc5c6,
Bc6c7][%mdl 32]} g5 42. Bg3 e6 $2 (42... Be6 {war angesagt.} 43. Rc1 Rc7) 43.
Rd7 Bg6 44. c7 1-0

[Event "SV Roehrnbach 1-TV Tegernsee 1"]
[Site "?"]
[Date "2024.12.01"]
[Round "4.6"]
[White "Engelbrecht, Alfred"]
[Black "Stoib, Marinus"]
[Result "1-0"]
[WhiteElo "2122"]
[BlackElo "1912"]
[Annotator "Stockfish 17"]
[PlyCount "63"]
[EventDate "2024.??.??"]
[WhiteTeam "SV Röhrnbach 1"]
[BlackTeam "TV Tegernsee 1"]

{[%evp 17,62,-2,99,94,99,74,117,119,177,183,230,218,229,202,314,295,283,228,
297,277,361,123,409,410,1047,346,381,297,298,133,135,136,238,238,519,310,312,
292,29988,29989,29996,29997,29997,29998,29998,29999,29999]} 1. Nf3 Nf6 2. e3 g6
3. b3 Bg7 4. Bb2 O-O 5. Be2 c5 6. O-O Nc6 7. d4 b6 8. c4 e6 9. Nc3 d5 $6 (9...
cxd4 $11 10. Nxd4 (10. exd4 Ne7 $11) 10... Nxd4 11. Qxd4 d5) 10. dxc5 $16 bxc5
11. cxd5 exd5 12. Na4 $1 {Weiß steht besser.} Qd6 13. Rc1 Ne4 14. Bxg7 Kxg7
15. Nd2 {Und weiter mit Sxe4 wäre nett.} f5 $6 (15... Rd8 $142 16. Nxe4 dxe4
17. Nxc5 Qe5) 16. Nxe4 $18 fxe4 17. Rxc5 (17. Nxc5 $142) 17... Ne7 18. Qd4+ Kh6
19. f4 $2 (19. Nc3 $18) 19... Be6 $2 {[%mdl 8192]} (19... Nf5 $16 {kämpft
weiter.} 20. Qc3 (20. Qxd5 Qxd5 21. Rxd5 Nxe3 $17 {[%mdl 64] Doppelangriff})
20... d4 21. exd4 Qxd4+ 22. Rf2 Be6) 20. g4 {[%csl Gf4][%cal Rg4g5]} g5 $2 (
20... Bxg4 $142 21. Bxg4 Rad8) 21. f5 $2 (21. fxg5+ Kg6 22. Rf6+ Kxg5 23. Nc3
Nf5 24. Nxe4+ dxe4 25. Rcxf5+ Bxf5 26. Rxd6 {#5}) 21... Bg8 22. b4 {[%cal
Bb3b4,Bb4b5][%mdl 32]} Nc6 23. Rxc6 (23. Qc3 $142 Ne5 $18) 23... Qxc6 $16 24.
Nc5 $40 {[%mdl 128] Weiss riecht Blut.} a5 {[#]} (24... Qf6 $16) 25. b5 $1 $18
{[%cal Rb5c6]} Qd6 (25... Qb6 {war nötig.} 26. Rc1 Rf6) 26. Rb1 Rac8 27. Nxe4
{[%mdl 64] Fesselung} Qa3 $2 {[#]} (27... Qd8 $18) 28. h4 $1 {[%csl Ge4][%cal
Rh4g5] Weiß setzt Matt.} dxe4 (28... Qe7 29. hxg5+) 29. hxg5+ {[%mdl 64]
Überlastung} Kxg5 30. Qg7+ Kh4 31. Qh6+ Kg3 32. Qh2# 1-0

[Event "SV Roehrnbach 1-TV Tegernsee 1"]
[Site "?"]
[Date "2024.12.01"]
[Round "4.7"]
[White "Thome, Volker"]
[Black "Hittinger, Christian"]
[Result "1/2-1/2"]
[WhiteElo "1898"]
[BlackElo "1960"]
[Annotator "Stockfish 17"]
[PlyCount "52"]
[EventDate "2024.??.??"]
[WhiteTeam "TV Tegernsee 1"]
[BlackTeam "SV Röhrnbach 1"]

{[%evp 9,51,-1,0,-1,0,-34,-36,-39,-45,-189,-40,-32,-29,-31,-14,-10,92,92,113,
109,105,102,169,160,164,92,103,104,142,135,152,75,117,38,84,89,90,65,64,-43,
-43,-112,-113,-219]} 1. Nf3 d5 2. e3 Nf6 3. b3 Bf5 4. Bb2 e6 5. c4 Be7 6. Nc3
O-O 7. Nd4 Bg6 8. cxd5 $15 exd5 9. g4 $6 {[#]} (9. Nf3 $15) 9... Qd7 ({
Günstiger ist} 9... c5 $1 $19 {[%cal Rc5d4]} 10. Nf5 d4) 10. g5 $15 Ne4 11. h4
c5 12. Bh3 Qd6 (12... Nxc3 $11 13. dxc3 Qd6) 13. Nf5 $16 Bxf5 14. Bxf5 Nxc3 15.
dxc3 ({Doch nicht} 15. Bxc3 $6 d4 $11) 15... g6 {[#]} (15... Nc6 $16 {ist wohl
besser.}) 16. Bc2 $1 $16 Nc6 17. Qe2 Rad8 18. O-O-O Rfe8 19. f4 Bf8 20. Qf3 Qe6
21. Rh3 Ne7 22. h5 Nf5 {[%cal Re6e3]} 23. hxg6 fxg6 {[%cal Re6e3]} 24. Bxf5
Qxf5 $15 25. Rdh1 Rd7 $17 26. Rd1 Qe6 1/2-1/2

[Event "SV Roehrnbach 1-TV Tegernsee 1"]
[Site "?"]
[Date "2024.12.01"]
[Round "4.8"]
[White "Reineke, Malte"]
[Black "Rassl, Bernhard"]
[Result "1-0"]
[WhiteElo "1933"]
[BlackElo "1915"]
[Annotator "Stockfish 17"]
[PlyCount "113"]
[EventDate "2024.??.??"]
[WhiteTeam "SV Röhrnbach 1"]
[BlackTeam "TV Tegernsee 1"]

{[%evp 11,113,-4,-1,-15,-16,-34,-26,-36,-27,-30,2,0,14,-35,-31,-47,-18,-15,-5,
-63,-66,-77,-71,-147,-143,-133,-68,-61,-72,-73,-73,-81,-21,-79,-14,-16,24,-97,
-90,-103,-85,-102,-106,-111,-109,-143,-125,-200,-125,-124,-114,-129,-104,-161,
-154,-174,-137,-227,-238,-216,-227,-289,-281,-268,186,195,206,200,170,162,152,
148,156,164,163,154,155,163,187,158,164,162,164,164,148,150,135,31,63,41,48,40,
396,407,556,548,545,545,545,547,553,517,607,597]} 1. e4 Nf6 2. Nc3 d5 3. exd5
Nxd5 4. Nf3 Nxc3 5. bxc3 g6 6. d4 Bg7 7. Be3 c5 8. Qd2 Qa5 9. Bc4 Nc6 10. Rb1
a6 11. O-O O-O 12. Rfd1 Rd8 13. Bh6 b5 14. Bxg7 Kxg7 15. Bd3 (15. Bxf7 $5 cxd4
(15... Kxf7 $6 16. Qh6 $16) 16. Qf4 $11) 15... Be6 {[%cal Rc5d4]} 16. Be4 Bd5
17. Bxd5 (17. Qd3 $142) 17... Rxd5 $17 18. c4 bxc4 ({Besser ist} 18... Qxd2 $17
19. Rxd2 bxc4 20. dxc5 Rxc5) 19. Qxa5 $15 Nxa5 20. dxc5 Rxc5 21. Kf1 e6 22. Ke2
Rb5 23. a4 $11 Rb7 24. Kd2 $6 (24. Rxb7 $11 Nxb7 25. Ne5) 24... c3+ $17 {
[%mdl 64] Hinlenkung} 25. Kxc3 Rc8+ 26. Kd2 Rbc7 27. Ne1 Rc4 28. Ra1 Nc6 29. c3
$6 (29. Ra3 $17 {war angesagt.}) 29... Ne7 30. Rdc1 Nd5 31. Ra3 a5 32. Nf3 Nb6
33. Rca1 Rg4 34. Rb3 $6 Nc4+ ({Jedoch nicht} 34... Rxa4 35. Rxa4 Nxa4 36. Rb5
$17) 35. Ke2 Rxg2 36. h3 e5 $1 37. Kf1 {[#]} e4 $4 {[%mdl 8192]} (37... Rh2 38.
Nxh2 Nd2+ $19 {war die Rettung}) 38. Kxg2 $18 exf3+ {[%mdl 4096] Endspiel
KTT-KTS} 39. Kg3 Nd2 40. Rba3 Rc5 41. R3a2 Ne4+ 42. Kxf3 Nxc3 43. Ra3 Rf5+ 44.
Kg2 Ne4 45. Rf3 Rg5+ 46. Kh2 Rc5 47. Ra2 Nc3 48. Ra3 Ne4 49. h4 $2 (49. Ra2 $1
$16) 49... Rc4 50. Rf4 (50. h5 $5) 50... f5 51. Ra2 Rb4 $2 {[%mdl 8192] [#]} ({
Günstiger ist} 51... Kf6 $14) 52. f3 $1 Nc3 53. Rxb4 {Weiß steht klar auf
Gewinn.} axb4 {[#]} 54. Ra1 b3 {Und ...b2 würde nun gewinnen.} 55. a5 b2 56.
Re1 Ne2 57. Rb1 1-0

[Event "SK Freising 1-SK Bruckmuehl 1"]
[Site "?"]
[Date "2024.12.01"]
[Round "4.1"]
[White "Uebele, Peter"]
[Black "Trapp, Maximilian"]
[Result "0-1"]
[WhiteElo "2080"]
[BlackElo "2168"]
[Annotator "Stockfish 17"]
[PlyCount "84"]
[EventDate "2024.??.??"]
[WhiteTeam "SK Bruckmühl 1"]
[BlackTeam "SK Freising 1"]

{[%evp 11,84,63,62,59,66,64,65,63,60,66,68,64,69,57,62,65,101,44,130,110,116,
59,61,19,23,6,18,17,46,-16,-17,-13,-14,-10,0,-17,-20,-26,-27,-73,-53,-55,-18,
-38,0,-43,-12,-45,-43,-81,-42,-121,-118,-127,-127,-228,-215,-237,-134,-245,
-245,-236,-234,-242,-278,-267,-259,-410,-294,-533,-523,-546,-557,-553,-556]} 1.
e4 d5 2. exd5 Nf6 3. Nf3 Nxd5 4. d4 Bf5 5. Bd3 Bxd3 6. Qxd3 c6 (6... e6 7. O-O
c6 8. c4 Nf6 9. Nc3 $14) 7. c4 Nf6 8. Nc3 e6 9. O-O Be7 10. Bf4 O-O 11. Rad1
Nbd7 12. Qe2 Re8 13. Ne5 Nf8 $6 14. Rd3 (14. h4 {kam in Frage}) 14... Qb6 $6
15. Rfd1 Rad8 16. b3 Ng6 17. Nxg6 hxg6 18. h3 Rd7 19. Be5 $11 Red8 20. Ne4 Nxe4
$11 21. Qxe4 Qa5 22. a4 Bf6 23. Bxf6 $11 {Weiß spielt übervorsichtig, kann
aber mit der Eröffnung noch zufrieden sein} gxf6 24. Kf1 Kg7 25. f4 $6 Rd6 26.
g4 Kf8 (26... Rh8 {scheint wilder zu sein.} 27. Kg2 Qd8 28. Qe1 Rd7 29. h4 a6)
27. Kg2 a6 {[%cal Ba7a6,Ba6b5][%mdl 32]} 28. Qe3 (28. f5 $5) 28... b5 29. axb5
axb5 30. R1d2 $6 (30. f5 bxc4 31. Qh6+ Ke7 32. bxc4 exf5 33. Re3+ Kd7 34. gxf5
$11) 30... Qb4 31. c5 $2 {ein ernster Fehler.} (31. f5 $1 $15 bxc4 32. bxc4
exf5 33. gxf5 gxf5 34. c5) 31... Rd5 $1 $17 32. Kg3 Kg7 33. g5 $2 {- 3.25} (33.
h4 $17 {war nötig.}) 33... fxg5 $19 34. fxg5 {[#]} Qa5 (34... e5 $1 $19 35.
Rf2 Kg8) 35. Rf2 {die weiße Stellung krankt an einigen Stellen} (35. h4 $17)
35... Qc7+ 36. Kg2 e5 (36... Rh8 $1 $19) 37. Qg3 Rxd4 38. Rdf3 {[#]} Rd2 $1 39.
Qh4 (39. b4 $142) 39... R8d4 40. Qh6+ (40. Qg3 {einziger Zug.}) 40... Kg8 {
Und ...e4 würde nun gewinnen.Schwarz steht klar auf Gewinn.} 41. Rf6 {
beabsichtigt Txg6+!} Rxf2+ 42. Kxf2 Qd7 0-1

[Event "SK Freising 1-SK Bruckmuehl 1"]
[Site "?"]
[Date "2024.12.01"]
[Round "4.2"]
[White "Brand, Leonhard"]
[Black "Wilhelm, Robert"]
[Result "1/2-1/2"]
[WhiteElo "2073"]
[BlackElo "2074"]
[Annotator "Stockfish 17"]
[PlyCount "75"]
[EventDate "2024.??.??"]
[WhiteTeam "SK Freising 1"]
[BlackTeam "SK Bruckmühl 1"]

{[%evp 9,75,31,97,36,72,79,82,84,178,107,110,79,93,97,134,14,15,18,44,21,25,
-40,-21,-19,-16,-19,-18,-25,23,23,17,0,0,0,0,-3,-2,-8,3,-10,-12,-35,-33,-47,
-44,-95,-98,-248,-226,-299,-284,-421,-443,-416,-23,-25,-22,-24,-23,-25,-23,-37,
-23,-25,-25,-33,0,-26]} 1. e4 c5 2. c3 d5 3. exd5 Nf6 4. Qa4+ Nbd7 5. Qb3 b5 $6
6. Nf3 (6. Qxb5 Rb8 $14 7. Qa4 Nxd5) (6. Bxb5 $16 Rb8 7. c4 a6 8. Bxd7+) 6...
Bb7 7. Bxb5 Bxd5 8. c4 Be4 $2 {[#]} (8... Bb7 $16) 9. Qe3 (9. Ne5 $1 $18 Rb8
10. O-O) 9... e6 $16 10. O-O Bd6 11. Nc3 Bb7 12. Ba4 (12. d4 $16) 12... O-O $11
13. h3 a6 14. Bc2 Qc7 15. b3 Ne5 {Droht stark ...Sxf3+.} 16. Ne4 Nxf3+ 17. Qxf3
Be5 18. Rb1 Rad8 19. Nxf6+ Bxf6 20. Be4 Bxe4 21. Qxe4 Rd4 22. Qe2 Rfd8 23. Rd1
Qd6 24. Ba3 Rd3 25. Rbc1 a5 26. Rc2 a4 27. Rb1 Qb6 28. Qe1 $2 (28. Qe4 $17 {
ist eine bessere Verteidigung.}) 28... axb3 $19 {Weiss muss nun ...Da5
beachten.} 29. axb3 Rxb3 30. Rxb3 (30. Rcc1 {war die einzige Chance.} Bd4 31.
Rd1) 30... Qxb3 {[%mdl 64] Doppelangriff - 4.60} 31. Qc1 {[#]} Bd4 ({
Günstiger ist} 31... Ra8 $1 $19 {[%cal Ra8a3]} 32. Rb2 Bxb2 33. Bxb2 f6) 32.
Bb2 $11 h6 33. Bxd4 Rxd4 34. Rc3 Qa2 35. Rc2 Qb3 36. Rc3 Qa2 37. Rc2 Qb3 38.
Rc3 1/2-1/2

[Event "SK Freising 1-SK Bruckmuehl 1"]
[Site "?"]
[Date "2024.12.01"]
[Round "4.3"]
[White "Caspers, Christian"]
[Black "Zill, Christoph"]
[Result "1/2-1/2"]
[WhiteElo "2016"]
[BlackElo "2087"]
[Annotator "Stockfish 17"]
[PlyCount "57"]
[EventDate "2024.??.??"]
[WhiteTeam "SK Bruckmühl 1"]
[BlackTeam "SK Freising 1"]

{[%evp 11,57,34,36,-29,-26,-30,-28,-33,-32,-32,-11,-33,-33,-37,-20,-22,-38,
-116,-113,-139,-58,-62,-58,-63,-63,-58,-55,-50,-6,-11,-11,-14,-5,-3,-10,-21,
-27,-19,-26,-24,-23,-30,-21,-36,15,-49,-35,-29]} 1. d4 e6 2. c4 f5 3. Nc3 Nf6
4. e3 b6 5. Bd3 Bb7 6. f3 c5 7. d5 exd5 $11 8. cxd5 Nxd5 9. Nxd5 Bxd5 10. Bxf5
Bf7 11. Ne2 g6 12. Bc2 Bg7 13. O-O O-O 14. Bb3 $6 (14. e4 $15) 14... c4 $17 15.
Ba4 d5 (15... a6 $17 16. Qd6 b5) 16. Nd4 $15 a6 17. Bc2 Qd6 18. Bd2 Re8 19. Re1
Bh6 20. f4 Bg7 21. Bc3 Nc6 $11 22. Nxc6 Qxc6 23. Bxg7 Kxg7 24. Qd4+ Qf6 25.
Qxf6+ Kxf6 26. Kf2 Ra7 27. g4 g5 28. f5 $6 (28. Bxh7 $11 gxf4 29. exf4) 28...
Rae7 29. Rad1 1/2-1/2

[Event "SK Freising 1-SK Bruckmuehl 1"]
[Site "?"]
[Date "2024.12.01"]
[Round "4.4"]
[White "Bauer, Robert"]
[Black "Kieffer, Joachim"]
[Result "1/2-1/2"]
[WhiteElo "2094"]
[BlackElo "1991"]
[Annotator "Stockfish 17"]
[PlyCount "85"]
[EventDate "2024.??.??"]
[WhiteTeam "SK Freising 1"]
[BlackTeam "SK Bruckmühl 1"]

{[%evp 9,85,72,82,41,45,40,52,-3,17,-45,-6,-86,-8,-7,-12,-22,-15,-39,-36,-58,
-60,-62,-29,-30,-35,-28,41,-37,-30,-36,11,6,44,46,45,-5,67,66,77,78,102,37,110,
108,90,99,101,-64,-60,-68,-67,-59,-60,-66,-51,-70,-66,-74,-28,-23,-28,-48,-33,
-47,-39,-28,-37,-36,-39,-34,0,0,0,0,0,0,0,-11]} 1. d4 d6 2. e4 Nf6 3. Nc3 g6 4.
Be3 c6 5. h3 Nbd7 6. Qd2 b5 7. Bd3 Bb7 8. f3 Qc7 9. g4 a6 10. Nce2 c5 11. c3 $1
$11 Nb6 12. b3 h5 13. g5 Nfd7 14. h4 Bg7 15. Nh3 e5 16. d5 c4 17. Bc2 O-O 18.
O-O cxb3 $15 19. axb3 Rfc8 20. Ra2 Qd8 21. Rfa1 a5 22. Bd3 Nc5 23. Bxc5 $14
Rxc5 24. b4 axb4 25. cxb4 (25. Rxa8 $16 Bxa8 26. cxb4) 25... Nc4 26. Rxa8 $16
Bxa8 {[#]} 27. Qa2 Rc8 28. Qa6 ({Lieber} 28. Qa7 $14) 28... Qd7 $36 {[%mdl
2048] Weiss steht unter Druck.} 29. Nf2 Bb7 30. Qa2 f6 31. Bxc4 bxc4 32. Qd2
fxg5 33. hxg5 Qb5 34. Nc3 Qb6 ({Aber nicht} 34... Qxb4 $2 35. Rb1 $18) 35. Kf1
Rf8 ({Nicht} 35... Qxb4 $2 36. Rb1 $18) 36. Ke2 Bc8 {Und weiter mit ...Lg4!
wäre nett.} ({Nur nicht} 36... Qxb4 $2 37. Rb1 $18) 37. b5 {[#]} Bg4 $1 38.
Nxg4 hxg4 39. Rf1 gxf3+ 40. Rxf3 $11 Rxf3 41. Kxf3 Bf8 42. Qe3 Qa5 43. Kg4
1/2-1/2